Az atipikus foglalkoztatási formák szerepe a munkaerő piacon. Rugalmas foglalkoztatás időben és térben. Szervezeti, szervezési megvalósítás kérdései

Bibliographic Details
Main Author: Jáki Vivien
Other Authors: Krajcsák Dr. Zoltán
Puskás Gabriella
Format: Thesis
Kulcsszavak:Atipikus foglalkoztatás
Részmunkaidő
Távmunka
Online Access:http://dolgozattar.uni-bge.hu/22469

MARC

LEADER 00000nta a2200000 i 4500
001 dolg22469
005 20190516143423.0
008 190516suuuu hu om 000 hun d
040 |a BGE Dolgozattár Repozitórium  |b hun 
041 |a hu 
100 1 |a Jáki Vivien 
245 1 3 |a Az atipikus foglalkoztatási formák szerepe a munkaerő piacon. Rugalmas foglalkoztatás időben és térben. Szervezeti, szervezési megvalósítás kérdései  |c Jáki Vivien  |h [elektronikus dokumentum] 
246 1 1 |a Az atipikus foglalkoztatási formák szerepe a munkaerő piacon. Rugalmas foglalkoztatás időben és térben. Szervezeti, szervezési megvalósítás kérdései 
246 1 1 |a The role of atypical forms of employment in the labor market. Flexible employment in time and space. Organizational and organizational implementation issues 
520 3 |a A szakdolgozatomban az atipikus munkavégzési formák fogalmát valamint Magyarországi jelenlétüket fejtettem ki. Részletesen kitértem a munka magánélet egyensúlyára az atipikus foglalkoztatás tekintetében. A kutatásom célja volt felmérni egy Multinacionális nagyvállalaton belül az atipikus munkaviszonyok eloszlását, valamint felmérni a hagyományostól eltérő munkaviszonyban dolgozó emberek elégedettségét a munka magánélet egyensúllyal. 
695 |a Atipikus foglalkoztatás 
695 |a Részmunkaidő 
695 |a Távmunka 
700 1 |a Krajcsák Dr. Zoltán  |e ths 
700 1 |a Puskás Gabriella  |e ths 
856 4 0 |u http://dolgozattar.uni-bge.hu/22469/1/Az%20atipikus%20foglalkoztat%C3%A1si%20form%C3%A1k%20szerepe%20a%20munkaer%C5%91%20piacon.%20Rugalmas%20foglalkoztat%C3%A1s%20id%C5%91ben%20%C3%A9s%20t%C3%A9rben.%20Szervezeti%2C%20szervez%C3%A9si%20megval%C3%B3s%C3%ADt%C3%A1s%20k%C3%A9rd%C3%A9sei.pdf  |z Dokumentum-elérés 
856 4 0 |u http://dolgozattar.uni-bge.hu/22469/2/j%C3%A1kivivi.pdf  |z Dokumentum-elérés